10 Équipes de Football légendaires (21ème siècle) #4 - Statistiques

Statistiques générales
  • Ce quiz a été pris 191 fois
  • Le résultat moyen est 57 sur 120
Statistiques - réponses
Position Joueur % Correct
Att Lionel Messi
98%
Mil Luka Modric
93%
Mil Xavi
93%
Mil Andrès Iniesta
92%
G Thibault Courtois
92%
Att Karim Benzema
91%
Mil Toni Kroos
91%
Def Carles Puyol
89%
Att Vinicius
87%
G Victor Valdes
86%
Def Dani Carvajal
84%
Att Kylian Mbappé
84%
Att Neymar
84%
Def Philip Lahm
83%
Def Eder Militao
81%
G Keylor Navas
81%
Coach Carlo Ancelotti
80%
Def Ferland Mendy
79%
Mil Sergio Busquets
79%
Coach Pep Guardiola
78%
Def David Alaba
77%
Att Didier Drogba
77%
G Manuel Neuer
76%
Def Dani Alves
75%
Att Samuel Eto'o
75%
G Petr Cech
74%
Def Min-Jae Kim
72%
Att Victor Osimhen
71%
Mil Marquinhos
70%
Def Thiago Silva
70%
Mil Federico Valverde
69%
Mil Juninho
68%
Mil Franck Lampard
67%
Att Thierry Henry
67%
Def John Terry
66%
Mil Casemiro
65%
G Gianluigi Buffon
64%
Att Angel Di Maria
63%
Def Eric Abidal
63%
Att Thomas Muller
63%
Coach Thomas Tuchel
63%
Mil Khvicha Kvaratskhelia
62%
Att Lautaro Martinez
61%
Def Presnel Kimpembe
60%
Att Miroslav Klose
59%
Def Jerome Boateng
57%
Def Mats Hummels
57%
G Grégory Coupet
56%
Mil Ivan Perisic
53%
Mil Ivan Rakitic
53%
Mil Mario Mandzukic
52%
Def Juan Bernat
51%
G Danijel Subašić
49%
Att Romelu Lukaku
46%
Mil Nicolo Barella
45%
Def Ashley Cole
43%
Att Alessandro Del Piero
42%
Mil Achraf Hakimi
41%
G Alex Meret
41%
Def Cris
41%
Def Domagoj Vida
41%
Coach Joachim Low
40%
Mil Mickael Essien
40%
Mil Sami Khedira
40%
G Samir Handanovic
40%
Def Giovani Di Lorenzo
38%
Mil Bastian Schweinsteiger
36%
Att Sidney Govou
36%
Mil Mesut Ozil
35%
Def Lilian Thuram
34%
Def Tilo Kehrer
34%
Def Mario Rui
33%
Def Alessandro Bastoni
32%
Mil Ander Herrera
32%
Att David Trezeguet
32%
Mil Florent Malouda
32%
Mil Franck Zambo Anguissa
32%
Def Milan Skriniar
32%
Mil Marcelo Brozovic
30%
Mil David Luiz
28%
Def Dejan Lovren
28%
Def Gary Cahill
28%
Coach Simone Inzaghi
28%
Def Anthony Réveillère
27%
Mil Idrissa Gueye
26%
Mil Pavel Nedved
26%
Coach Paul Le Guen
25%
Def Stefan De Vrij
25%
Mil Stanislav Lobotka
24%
Mil Pietr Zielinski
23%
Mil John Obi Mikel
22%
Coach Roberto Di Matteo
22%
Def Yaya Touré
22%
Coach Luciano Spalletti
20%
Def Claudio Cacapa
19%
Att Salomon Kalou
19%
Def Bosingwa
18%
Att Hirvin Lozano
18%
Mil Juan Mata
17%
Def Benedict Howedes
16%
Mil Mahamadou Diarra
16%
Att Sylvain Wiltord
16%
Def Sylvinho
11%
Def Amir Rrahmani
10%
Def Šime Vrsaljko
10%
Coach Zlatko Dalić
10%
Mil Ante Rebic
9%
Mil Edgar Davids
8%
Coach Marcello Lippi
7%
Mil Mauro Camoranesi
7%
Def Ivan Strinić
4%
Mil Christian Eriksen
3%
Def Igor Tudor
3%
Mil Alessio Tacchinardi
2%
Def Paolo Montero
2%
Def Ciro Ferrara
1%
Aucun quiz correspondant
Distribution des résultats
% des personnes avec chaque résultat
Percentile par nombre de réponses
Votre historique - résultats
Vous n’avez pas pris ce quiz